Statistics for Unique Starting Letter - Countries by Continent

Click here to take the quiz!

General Stats

  • This quiz has been taken 84,169 times
  • The average score is 26 of 32

Answer Stats

ContinentStarting LetterCountry% Correct
EuropeDDenmark
95%
AsiaQQatar
92%
AfricaUUganda
92%
AsiaYYemen
92%
South AmericaUUruguay
91%
AsiaOOman
90%
South AmericaVVenezuela
89%
South AmericaAArgentina
88%
North AmericaJJamaica
88%
South AmericaEEcuador
87%
EuropeEEstonia
87%
EuropeHHungary
86%
OceaniaAAustralia
85%
EuropeVVatican City
84%
South AmericaSSuriname
83%
OceaniaVVanuatu
83%
South AmericaGGuyana
82%
AfricaKKenya
81%
EuropeKKosovo
78%
AsiaVVietnam
78%
OceaniaKKiribati
77%
North AmericaPPanama
77%
North AmericaNNicaragua
76%
North AmericaAAntigua and
Barbuda
73%
North AmericaMMexico
72%
North AmericaTTrinidad and Tobago
70%
North AmericaUUnited States
70%
AsiaGGeorgia
68%
North AmericaEEl Salvador
67%
OceaniaMMarshall Islands
66%
AfricaIIvory Coast
57%
AsiaEEast Timor
53%

Score Distribution

Percentile by Number Answered

Percent of People with Each Score

Your Score History

You have not taken this quiz